logo

Bir Sreshtho Munshi Abdur Rouf Library
Jhenaidah Cadet College

জনপ্রশাসনের ঘরে বাইরে / (Record no. 1114)

MARC details
000 -LEADER
fixed length control field 00672nam a22002297a 4500
001 - CONTROL NUMBER
JCCL Control Number 1114
003 - CONTROL NUMBER IDENTIFIER
JCCL marc code BD-JhCC
005 - DATE AND TIME OF LATEST TRANSACTION
control field 20180310101101.0
008 - FIXED-LENGTH DATA ELEMENTS--GENERAL INFORMATION
fixed length control field 171015s2008 bg |||| ||a| 00| 0 bg d
020 ## - INTERNATIONAL STANDARD BOOK NUMBER
International Standard Book Number 98470000601018
035 ## - SYSTEM CONTROL NUMBER
system control number (BD-JhCC)1114
040 ## - CATALOGING SOURCE
Original cataloging agency BD-JhCC
Modifying agency BD-JhCC
041 ## - LANGUAGE CODE
Language code of Book ben
082 ## - DEWEY DECIMAL CLASSIFICATION NUMBER
Classification number 350.0005
Author mark and Year MAH 2008
100 ## - MAIN ENTRY--PERSONAL NAME
Personal name মাহমুদ, আনু
245 ## - TITLE STATEMENT
Title জনপ্রশাসনের ঘরে বাইরে /
Statement of responsibility, etc আনু মাহমুদ
260 ## - PUBLICATION, DISTRIBUTION, ETC. (IMPRINT)
Place of publication, distribution, etc ঢাকা :
Name of publisher, distributor, etc আগামী প্রকাশনী,
Date of publication, distribution, etc 2008
300 ## - PHYSICAL DESCRIPTION
Pagination 490 p. :
Dimensions 22 cm.
650 ## - SUBJECT ADDED ENTRY--TOPICAL TERM
Topical term or geographic name as entry element Public Administration
942 ## - ADDED ENTRY ELEMENTS (KOHA)
Source of classification or shelving scheme Dewey Decimal Classification
Koha item type Books
Holdings
Source of classification or shelving scheme Damaged status Not for loan Home library Current library Date of accession Source of acquisition Cost, normal purchase price Total Checkouts Full call number Barcode Date last seen Copy number Koha item type
Dewey Decimal Classification     JCC Rouf Library JCC Rouf Library 10/15/2017 Jahedee Foundation 550.00   350.0005 MAH 2008 2119 10/15/2017 C-1 Books

JCC Library | Contacts | JCC Home

Last Update on 23 September 2017
Copyright @ 2017-2020 JCC Rouf Library
Rouf Library, Jhenidah Cadet College (JCC), Bangladesh